Miasta województwa lubelskiego i świętokrzyskiego - Statystyki

Ogólne statystyki
  • Ten quiz został rozwiązany 15 razy
    5 od ostatniego zresetowania
  • Średni wynik to 43 z 108
Statystyki odpowiedzi
Lp. Liczba ludności Miasto % Poprawnych
6 56942 Biała Podlaska
100%
5 61135 Chełm
100%
2 193415 Kielce
100%
1 338586 Lublin
100%
38 6374 Opatów
100%
8 46965 Puławy
100%
4 62785 Zamość
100%
13 26114 Biłgoraj
75%
22 15887 Dęblin
75%
86 1432 Frampol
75%
28 11661 Janów Lubelski
75%
25 14812 Jędrzejów
75%
63 2534 Kazimierz Dolny
75%
16 18878 Końskie
75%
11 33917 Kraśnik
75%
48 3727 Nałęczów
75%
3 67404 Ostrowiec Świętokrzyski
75%
45 4451 Ożarów
75%
29 10555 Parczew
75%
74 2026 Rejowiec
75%
47 4328 Rejowiec Fabryczny
75%
32 9531 Ryki
75%
14 22997 Sandomierz
75%
7 47638 Starachowice
75%
17 18783 Tomaszów Lubelski
75%
27 12915 Włodawa
75%
31 9798 Włoszczowa
75%
67 2436 Annopol
50%
37 6399 Bełżyce
50%
44 4814 Bychawa
50%
102 917 Goraj
50%
42 5429 Kazimierza Wielka
50%
19 18383 Krasnystaw
50%
84 1543 Łagów
50%
49 3670 Małogoszcz
50%
90 1356 Nowa Słupia
50%
108 336 Opatowiec
50%
34 8320 Opole Lubelskie
50%
30 10524 Pińczów
50%
33 8980 Poniatowa
50%
55 3095 Radoszyce
50%
9 44260 Skarżysko-Kamienna
50%
100 1010 Sobków
50%
26 14534 Staszów
50%
10 38763 Świdnik
50%
43 4962 Szczebrzeszyn
50%
97 1095 Szydłów
50%
106 873 Turobin
50%
99 1082 Wodzisław
50%
70 2190 Bodzentyn
25%
23 15611 Busko-Zdrój
25%
46 4394 Chęciny
25%
50 3596 Chmielnik
25%
57 2984 Ćmielów
25%
93 1307 Czemierniki
25%
59 2856 Daleszyce
25%
20 17232 Hrubieszów
25%
92 1322 Iwaniska
25%
66 2473 Józefów
25%
105 902 Józefów nad Wisłą
25%
75 2020 Końskowola
25%
68 2431 Koprzywnica
25%
58 2883 Kunów
25%
62 2617 Kurów
25%
18 18675 Łęczna
25%
15 21636 Lubartów
25%
69 2424 Lubycza Królewska
25%
12 29441 Łuków
25%
85 1459 Modliborzyce
25%
82 1708 Morawica
25%
103 904 Nowy Korczyn
25%
76 1970 Osiek
25%
64 2531 Piaski
25%
53 3167 Piekoszów
25%
95 1160 Pierzchnica
25%
60 2825 Piszczac
25%
36 7988 Połaniec
25%
24 15428 Radzyń Podlaski
25%
39 6359 Sędziszów
25%
40 5569 Stąporków
25%
65 2480 Stoczek Łukowski
25%
87 1414 Stopnica
25%
35 8248 Suchedniów
25%
41 5457 Terespol
25%
73 2054 Tyszowce
25%
83 1679 Urzędów
25%
101 975 Wąwolnica
25%
107 506 Wiślica
25%
80 1713 Zawichost
25%
54 3101 Zwierzyniec
25%
98 1093 Bogoria
0%
104 902 Działoszyce
0%
91 1343 Gowarczów
0%
79 1739 Izbica
0%
81 1712 Kamionka
0%
77 1884 Klimontów
0%
52 3238 Kock
0%
56 3074 Krasnobród
0%
71 2111 Łaszczów
0%
89 1402 Łopuszno
0%
21 16667 Międzyrzec Podlaski
0%
78 1809 Oleśnica
0%
72 2089 Ostrów Lubelski
0%
96 1132 Pacanów
0%
88 1406 Siedliszcze
0%
94 1263 Skalbmierz
0%
51 3304 Tarnogród
0%
61 2724 Wąchock
0%
Nie znaleziono quizów pasujących do podanych kryteriów
Rozkład punktacji
Procent ludzi z każdym wynikiem
Percentyl według liczby udzielonych odpowiedzi
Twoja historia wyników
Nie rozwiązałeś tego quizu od ostatniego zresetowania